The practice of family therapy : key elements across models

Αποθηκεύτηκε σε:
Λεπτομέρειες βιβλιογραφικής εγγραφής
Κύριος συγγραφέας: Hanna, Suzanne Midori 1950-
Μορφή: Βιβλίο
Γλώσσα:English
Δημοσίευση: Australia ; United Kingdom : Thomson/Brooks/Cole, [c2007]
Έκδοση:4έκδ.
Θέματα:
Ετικέτες: Προσθήκη ετικέτας
Δεν υπάρχουν, Καταχωρήστε ετικέτα πρώτοι!

MARC

LEADER 00000nam a2200000 i 4500
001 1/50850
008 070806s2007 eng d
020 |a 0-534-52349-8 
035 |l 10089563 
040 |a GR-MY-UA  |b gre  |e aacr 
041 0 |a eng 
082 0 |a 616.89156  |2 (22) 
100 1 |a Hanna, Suzanne Midori  |d 1950- 
245 1 4 |a The practice of family therapy :  |b key elements across models /  |c Suzanne Midori Hanna 
250 |a 4έκδ. 
260 |a Australia ; United Kingdom :   |b Thomson/Brooks/Cole,   |c [c2007] 
300 |a xix, 341 σ.;  |c 24 εκ. 
504 |a Περιλαμβάνει βιβλιογραφίες και ευρετήριο 
650 0 0 |a Family psychotherapy. 
852 |a INST  |b RHODES  |e 20070806  |h 616.89156 HAN  |p 005400025978  |q 005400025978  |t BK  |y 0 
901 |a BIBL4-2007-2 
909 |a Ρ  |b 135495 
922 |a 4ΕΛΗ  |b 200706  |c ΕΠΕΑΕΚ2/ΤΕΠΑΕΣ  |d Σ. ΠΑΤΑΚΗΣ 
970 |a ΜΙΣΣΟΣ  |b ΣΤΑΥΡΟΣ  |z 2007/08/06